Представление документа в формате MARC21

Поле Инд. ПП Название Значение
Тип записи a
Библиографический уровень m
001 Контрольный номер 8d4daf2e-e998-4b27-86d2-4ecef541abd9
005 Дата корректировки 20140226143939.8
008 Кодируемые данные 980923 d
020 c Цена, тираж 16.04
080 a Индекс УДК 53(075.8)
a Индекс УДК 537.8(075.8)
084 a Индекс другой классификации/Индекс ББК В313.2я731-1
090 c Каталожный индекс В313.2я731-1
x Авторский знак Л22
a Полочн. индекс В31я73
100 1_ a Автор Ландау Лев Давидович
t Электродинамика сплошных сред
245 00 a Заглавие Теоретическая физика
n Номер части/ раздела Т. 8
p Название части/ раздела Электродинамика сплошных сред /Изд. перераб. и доп. Е.М. Лифшицем, Л.П. Питаевским
b Продолж. заглавия Учеб. пособие для физ. спец. ун-тов
250 a Основные сведения об издании 2-е изд., перераб. и доп.
260 0_ a Место издания Москва
b Издательство Наука
c Дата издания 1982
300 a Объем 620,[3] с.
b Иллюстрации/ тип воспроизводства ил.
500 a Примечание На корешке только загл. тома. - Предм. указ.: с.616-620.
583 a Действие Приписка 387 10.07.98
k Исполнитель действия ОРФ ОУНБ им.А.М.Горького
583 a Действие Приписка 17 04.02.2008
k Исполнитель действия Взамен утраченных
650 a Основная рубрика Физика теоретическая
x Основная подрубрика Учебники для вузов
650 a Основная рубрика Сплошные среды
x Основная подрубрика Электродинамика
653 a Ключевые слова Физика
a Ключевые слова Теоретическая физика
a Ключевые слова Электродинамика сплошных сред
a Ключевые слова Учебники
700 1_ a Другие авторы Лифшиц Евгений Михайлович
700 1_ a Другие авторы Питаевский Л П
e Роль лиц Ред.
852 t Порядковый номер экземпляра 2
p Инвентарный номер 698530
p Инвентарный номер 902517 120.00
863 t 00211153
888 a Безвозмездно
a Бесплатные
930 a Новая/Ретро Учебники
952 p 387.98 16.04 1 698530
p 17.2008 120.00 1 902517
c Вид литературы К ру
954 a Дата поступления на обработку 19980722
999 a Подразделение 2 Фил3